Villes commençant par S sur une carte - Statistiques

Statistiques générales
  • Ce quiz a été pris 349 fois
  • Le résultat moyen est 15 sur 30
Réponses sur la Carte
Les réponses sont colorées sur une échelle allant du rouge au vert en fonction du pourcentage des utilisateurs qui les ont devinées à leur premier essai. Vous pouvez retrouver ces pourcentages ci-dessous.
 
Statistiques - réponses
ville % Correct
San Francisco
88%
São Paulo
88%
Santiago
84%
Séoul
83%
Sydney
82%
Séville
81%
Shanghai
81%
Strasbourg
80%
Seattle
78%
Saint-Pétersbourg
77%
Sofia
72%
Singapour
71%
San Diego
62%
Sucre
61%
San José
58%
Saint-Domingue
51%
Sapporo
39%
San Antonio
38%
Shenzhen
36%
Suez
36%
Sotchi
33%
Salvador
32%
Sheffield
32%
Saint-Louis
27%
San Juan
21%
Surabaya
15%
Savannah
11%
Sendai
8%
Shenyang
6%
Surat
6%
Aucun quiz correspondant
Distribution des résultats
% des personnes avec chaque résultat
Percentile par nombre de réponses
Votre historique - résultats
Vous n’avez pas pris ce quiz